Online
Catalog

Médicos de cámara : (Record no. 11383)

MARC details
000 -CABECERA
campo de control de longitud fija 00635nam a2200193 a 4500
001 - NÚMERO DE CONTROL
campo de control 000011705
005 - FECHA Y HORA DE LA ÚLTIMA TRANSACCIÓN
campo de control 20250310135155.0
008 - DATOS DE LONGITUD FIJA--INFORMACIÓN GENERAL
campo de control de longitud fija 091026s1974 sp 001 0 spa d
040 ## - FUENTE DE LA CATALOGACIÓN
Centro catalogador/agencia de origen DO-SdBNP
Lengua de catalogación spa
Centro/agencia transcriptor BNPHU
082 ## - NÚMERO DE LA CLASIFICACIÓN DECIMAL DEWEY
Número de clasificación 926.1
Número de documento/Ítem K79m
049 ## - FONDOS LOCALES (OCLC)
Fondos de biblioteca BNGR
100 1# - ENTRADA PRINCIPAL--NOMBRE DE PERSONA
Nombre de persona kohtz, Harald
9 (RLIN) 27740
245 10 - MENCIÓN DE TÍTULO
Título Médicos de cámara :
Resto del título 20 esbozos bibliográficos de 5 siglos. Antología, a propósito fragmetaria /
Mención de responsabilidad, etc. Harald kohtz.
260 ## - PUBLICACIÓN, DISTRIBUCIÓN, ETC.
Lugar de publicación, distribución, etc. España :
Nombre del editor, distribuidor, etc. Boehringer Ingelheim,
Fecha de publicación, distribución, etc. 1974.
300 ## - DESCRIPCIÓN FÍSICA
Extensión 47 p. :
Otras características físicas il. ;
Dimensiones 27 cm.
650 #4 - PUNTO DE ACCESO ADICIONAL DE MATERIA--TÉRMINO DE MATERIA
Término de materia o nombre geográfico como elemento de entrada Medicos
Subdivisión de forma BIOGRAFÍAS
9 (RLIN) 7152
650 #4 - PUNTO DE ACCESO ADICIONAL DE MATERIA--TÉRMINO DE MATERIA
Término de materia o nombre geográfico como elemento de entrada Reyes y soberanos
9 (RLIN) 27741
650 #0 - PUNTO DE ACCESO ADICIONAL DE MATERIA--TÉRMINO DE MATERIA
Término de materia o nombre geográfico como elemento de entrada Atención médica
9 (RLIN) 14447
Holdings
Estado de retiro Estado de pérdida Restricciones de uso No para préstamo Código de colección Localización permanente Ubicación/localización actual Ubicación en estantería Fecha de adquisición Número de inventario Total de préstamos Signatura topográfica completa Código de barras Fecha visto por última vez Precio válido a partir de Tipo de ítem Koha Número de copia
    Préstamo interno   Monografías: Libros y Folletos General General En catalogación 26.10.2009 LF1   926.1 K79m 11705-10 25.06.2020 25.06.2020 Préstamo interno  
    Préstamo restringido Préstamo restrigido Monografías: Libros y Folletos General General En catalogación 26.10.2009 LF1   926.1 K79m 11705-20 25.06.2020 25.06.2020 Préstamo interno e. 2

Powered by Koha